Fragmenta Euripidis (Record no. 164070)

MARC details
000 -LEADER
campo de control de longitud fija 01270nam a2200289 i 4500
001 - NÚMERO DE CONTROL
campo de control 164070
003 - IDENTIFICADOR DE NÚMERO DE CONTROL
campo de control ES-MaACL
005 - FECHA Y HORA DE LA ÚLTIMA TRANSACCIÓN
campo de control 20251118190708.0
008 - DATOS DE LONGITUD FIJA--INFORMACIÓN GENERAL
campo de control de longitud fija 170620s1846 fr |||| | lat d
080 ## - NÚMERO DE LA CLASIFICACIÓN DECIMAL UNIVERSAL
Número de la Clasificación Decimal Universal 821.14-21"-04"
080 ## - NÚMERO DE LA CLASIFICACIÓN DECIMAL UNIVERSAL
Número de la Clasificación Decimal Universal 821.14'02
100 0# - ENTRADA PRINCIPAL--NOMBRE DE PERSONA
Nombre de persona Eurípides.
9 (RLIN) 48332
245 10 - MENCIÓN DEL TÍTULO
Título Fragmenta Euripidis
Resto del título : iterum edidit. Perditorum tragicorum omnium /
Mención de responsabilidad, etc. nunc primum collegit Fr. Guil. Wagner, accedunt indices locupletissimi. Christus patiens : Ezechieli et Christianorum poetarum reliquiae dramatica / ex codicibus emendavit et annotatione critica instruxit Fr. Dübner.
260 ## - PUBLICACIÓN, DISTRIBUCIÓN, ETC.
Lugar de publicación, distribución, etc. Parisiis :
Nombre del editor, distribuidor, etc. Ambrosio Firmin Didot,
Fecha de publicación, distribución, etc. 1846.
300 ## - DESCRIPCIÓN FÍSICA
Extensión 1 v. (pag. var.) ;
Dimensiones 25 cm.
530 ## - NOTA DISPONIBLE DE FORMULARIO FÍSICO ADICIONAL
Nota de formato físico adicional disponible Disponible en formato digital.
546 ## - NOTA DE IDIOMA
Nota de lengua/lenguaje Texto en griego y traducción al latín.
650 #7 - PUNTO DE ACCESO ADICIONAL DE MATERIA--TÉRMINO DE MATERIA
Término de materia o nombre geográfico como elemento de entrada Teatro griego
Fuente del encabezamiento o término embne
9 (RLIN) 136910
700 1# - ENTRADA AGREGADA--NOMBRE PERSONAL
Nombre de persona Wagner, Friedrich Wilhelm,
Fechas asociadas al nombre 1814-1857
9 (RLIN) 163100
700 1# - ENTRADA AGREGADA--NOMBRE PERSONAL
Nombre de persona Dübner, Friedrich (
Fechas asociadas al nombre 1802-1867)
9 (RLIN) 149228
730 0# - ASIENTO SECUNDARIO--TITULO UNIFORME
Título uniforme Poetarum tragicorum graecorum fragmenta.
9 (RLIN) 163101
730 0# - ASIENTO SECUNDARIO--TITULO UNIFORME
Título uniforme Christus patiens.
9 (RLIN) 163102
740 0# - ENTRADA AGREGADA--TÍTULO RELACIONADO/ANALÍTICO NO CONTROLADO
Título relacionado o analítico no controlado Perditorum tragicorum.
852 ## - LOCALIZACIÓN
Ubicación ES-MaACL
Número de control de estantería B-2465
856 ## - LOCALIZACIÓN Y ACCESO ELECTRÓNICOS
Identificador Uniforme de Recursos <a href="http://bdh-rd.bne.es/viewer.vm?id=0000093165&page=1 ">http://bdh-rd.bne.es/viewer.vm?id=0000093165&page=1 </a>
Nota pública Biblioteca Digital Hispánica
Holdings
Estatus retirado Estado de pérdida Estado de daño No para préstamo Colección Biblioteca de origen Biblioteca actual Ubicación en estantería Fecha de adquisición Fuente de adquisición Total de préstamos Signatura topográfica completa Código de barras Visto por última vez Precio de reemplazo Tipo de ítem Koha
        Colección digital Biblioteca del Ateneo de Madrid Biblioteca del Ateneo de Madrid Sala Pardo Bazán 20/06/2017     B-2465 1197750 23/02/2023 23/02/2023 Libro impreso antiguo